Central Library OPAC University of Rajshahi

The sexual life of savages in north-western Melanesia : (Record no. 35141)

MARC details
000 -LEADER
fixed length control field 01034cam a2200289 a 4500
001 - CONTROL NUMBER
control field 35141
003 - CONTROL NUMBER IDENTIFIER
rucl marc code BD-RjUL
005 - DATE AND TIME OF LATEST TRANSACTION
control field 20211209052252.0
008 - FIXED-LENGTH DATA ELEMENTS--GENERAL INFORMATION
fixed length control field 140521r1968 enk 001 0 eng d
020 ## - INTERNATIONAL STANDARD BOOK NUMBER
International Standard Book Number 0710063652
International Standard Book Number 071006179X (pbk)
035 ## - SYSTEM CONTROL NUMBER
System control number (BD-RjUL)35235
040 ## - CATALOGING SOURCE
Original cataloging agency DLC
Language of cataloging eng
Transcribing agency DLC
Modifying agency BD-RjUL
041 ## - LANGUAGE CODE
Language code of text/sound track or separate title eng
082 04 - DEWEY DECIMAL CLASSIFICATION NUMBER
Classification number 301.424
Author mark and year MAS 1968
100 1# - MAIN ENTRY--PERSONAL NAME
Personal name Malinowski, Bronislaw,
Dates associated with a name 1884-1942.
9 (RLIN) 5789
245 14 - TITLE STATEMENT
Title The sexual life of savages in north-western Melanesia :
Remainder of title an ethnographic account of courtship, marriage and family life among the natives of the Trobriand Islands, British New Guinea /
Statement of responsibility, etc. by Bronislaw Malinowski ; with a preface by Havelock Ellis
250 ## - EDITION STATEMENT
Edition statement 3rd ed.
260 ## - PUBLICATION, DISTRIBUTION, ETC. (IMPRINT)
Place of publication, distribution, etc. London :
Name of publisher, distributor, etc. Routledge,
Date of publication, distribution, etc. 1932 [reprinted 1968].
300 ## - PHYSICAL DESCRIPTION
Pagination xlix, 505 p., [96] p. :
Illustrations ill., ;
Size 22 cm.
504 ## - BIBLIOGRAPHY, ETC. NOTE
Bibliography, etc includes index.
650 #0 - SUBJECT ADDED ENTRY--TOPICAL TERM
Topical term or geographic name as entry element Ethnology
Geographic subdivision Trobriand Islands
9 (RLIN) 107012
Topical term or geographic name as entry element Families.
9 (RLIN) 107013
Topical term or geographic name as entry element Sex
9 (RLIN) 107014
Topical term or geographic name as entry element Primitive societies
9 (RLIN) 34457
942 ## - ADDED ENTRY ELEMENTS (KOHA)
Source of classification or shelving scheme Dewey Decimal Classification
Koha item type Books
Holdings
Lost status Source of classification or shelving scheme Damaged status Not for loan Collection code Permanent Location Current Location Shelving location Date acquired Source of acquisition Cost, normal purchase price Total Checkouts Full call number Date last seen Copy number Koha item type
  Dewey Decimal Classification     Non-fiction Central Library, University of Rajshahi Central Library, University of Rajshahi   31/08/1970 Zeitlinger 25.00   301.424 MAS 1968 21/05/2014 C-6 Books
  Dewey Decimal Classification     Non-fiction Central Library, University of Rajshahi Central Library, University of Rajshahi   31/08/1970 Sweet + Zeitlinger 50.00   301.424 MAS 1957 21/05/2014 C-4 Books
  Dewey Decimal Classification     Non-fiction Central Library, University of Rajshahi Central Library, University of Rajshahi   31/08/1970 Sweet + Zeitlinger 40.62   301.424 MAS 1957 21/05/2014 C-2 Books
  Dewey Decimal Classification     Non-fiction Central Library, University of Rajshahi Central Library, University of Rajshahi   31/08/1970 Sweet + Zeitlinger 40.62   301.424 MAS 1957 21/05/2014 C-5 Books
  Dewey Decimal Classification   Not For Loan Non-fiction Central Library, University of Rajshahi Central Library, University of Rajshahi Reading Room 29/05/1965 Euro Park 40.62   301.424 MAS 1957 24/05/2014 C-1 Books